[Event "Czech Open GM 2019"]
[Site "Pardubice"]
[Date "2019.07.24"]
[Round "6.1"]
[White "Haba, Petr"]
[Black "Ludvik, Tomas"]
[Result "1-0"]
[WhiteElo "2458"]
[BlackElo "2334"]
[Annotator "ChessBase"]
[PlyCount "83"]
[EventDate "2019.07.19"]
[EventType "swiss"]
[EventCountry "CZE"]
[SourceTitle "playchess.com"]
[Source "ChessBase"]
[SourceQuality "1"]

1. e4 e6 2. d4 d5 3. e5 c5 4. c3 Qb6 5. Nf3 Nc6 6. a3 Nh6 7. b4 cxd4 8. b5 Na5 9. Bxh6 gxh6 10. cxd4 Bd7 11. Nbd2 Bg7 12. a4 O-O 13. Bd3 f6 14. O-O Be8 15. Qc2 Bh5 16. Rac1 fxe5 17. dxe5 Kh8 18. Rfe1 Rf4 19. h3 Bxf3 20. Nxf3 Raf8 21. Qd1 h5 22. Rc3 Bh6 23. Qc2 Qd8 24. Rc7 Bg7 25. Be2 Re4 26. Rc1 Nc4 27. Rxb7 Nxe5 28. Nxe5 Rxe5 29. Bd3 Qf6 30. Rc7 Rg5 31. Qe2 e5 32. R1c6 Qf4 33. Qe3 Qh4 34. Rc8 e4 35. Rxf8+ Bxf8 36. Bc2 Rg7 37. Bb3 d4 38. Qxd4 Qf4 39. Qf6 Qb8 40. Be6 e3 41. Rc8 exf2+ 42. Kf1 1-0

[Event "Czech Open GM 2019"]
[Site "Pardubice"]
[Date "2019.07.24"]
[Round "6.2"]
[White "Kozak, Adam"]
[Black "Stocek, Jiri"]
[Result "1/2-1/2"]
[WhiteElo "2475"]
[BlackElo "2556"]
[Annotator "TA"]
[PlyCount "55"]
[EventDate "2019.07.19"]
[EventType "swiss"]
[EventCountry "CZE"]
[SourceTitle "playchess.com"]
[Source "ChessBase"]
[SourceQuality "1"]

1. Nf3 Nf6 2. c4 c5 3. g3 b6 4. Bg2 Bb7 5. O-O e6 6. Nc3 Be7 7. d4 cxd4 8. Qxd4 d6 9. Rd1 a6 10. Bg5 Nbd7 11. Nd2 Bxg2 12. Kxg2 O-O 13. Nde4 Qc7 14. Nxf6+ Nxf6 15. Ne4 Nxe4 16. Bxe7 Qxe7 17. Qxe4 Rac8 18. a4 Rfd8 19. b3 Qc7 20. Rd3 g6 21. h4 h5 22. Ra2 Rd7 23. Qf4 Rcd8 24. Kh2 Qc5 25. Rad2 d5 26. cxd5 Rxd5 27. Rxd5 Rxd5 28. Rxd5 1/2-1/2

[Event "Czech Open GM 2019"]
[Site "Pardubice"]
[Date "2019.07.24"]
[Round "6.2"]
[White "Dobrovoljc, Vid"]
[Black "Frolov, Artur"]
[Result "0-1"]
[WhiteElo "2334"]
[BlackElo "2453"]
[Annotator "ChessBase"]
[PlyCount "78"]
[EventDate "2019.07.19"]
[EventType "swiss"]
[EventCountry "CZE"]
[SourceTitle "playchess.com"]
[Source "ChessBase"]
[SourceQuality "1"]

1. e4 c5 2. Nf3 Nc6 3. d4 cxd4 4. Nxd4 Nf6 5. Nc3 d6 6. Bg5 e6 7. Qd2 a6 8. O-O-O Bd7 9. f4 Be7 10. Nf3 b5 11. Bxf6 gxf6 12. f5 h5 13. Kb1 Qb6 14. Bd3 Ne5 15. Ne2 Ng4 16. Rde1 Qe3 17. Qa5 Bd8 18. Qa3 Qc5 19. b4 Qa7 20. fxe6 fxe6 21. Qb3 a5 22. Ned4 axb4 23. Bxb5 Ke7 24. Bc4 Bb6 25. Qb2 Rhc8 26. Bb3 Rc3 27. Ne2 Re3 28. Nf4 Nf2 29. Nxh5 Nxe4 30. Nf4 Rxb3 31. Qxb3 Nc3+ 32. Kb2 Qxa2+ 33. Qxa2 Rxa2+ 34. Kc1 Ba4 35. Kd2 Rxc2+ 36. Kd3 e5 37. Ra1 e4+ 38. Kc4 Nd5+ 39. Kxd5 Bc6# 0-1

[Event "Czech Open GM 2019"]
[Site "Pardubice"]
[Date "2019.07.24"]
[Round "6.3"]
[White "Demidov, Mikhail"]
[Black "Van Foreest, Jorden"]
[Result "1/2-1/2"]
[WhiteElo "2546"]
[BlackElo "2612"]
[Annotator "TA"]
[PlyCount "57"]
[EventDate "2019.07.19"]
[EventType "swiss"]
[EventCountry "CZE"]
[SourceTitle "playchess.com"]
[Source "ChessBase"]
[SourceQuality "1"]

1. d4 Nf6 2. c4 g6 3. Nc3 d5 4. Nf3 Bg7 5. h4 c6 6. Bf4 O-O 7. e3 c5 8. cxd5 cxd4 9. Qxd4 Nxd5 10. Be5 Nc6 11. Qxd5 Nxe5 12. Nxe5 Qxd5 13. Nxd5 Bxe5 14. Nxe7+ Kg7 15. Nxc8 Raxc8 16. Bd3 Bxb2 17. Rb1 Bf6 18. Ke2 b6 19. h5 Rc5 20. hxg6 hxg6 21. Rhc1 Rfc8 22. Rxc5 Rxc5 23. Rd1 Kf8 24. f4 b5 25. e4 Bc3 26. e5 a5 27. Be4 Ke7 28. Rd5 Rxd5 29. Bxd5 1/2-1/2

[Event "Czech Open GM 2019"]
[Site "Pardubice"]
[Date "2019.07.24"]
[Round "6.3"]
[White "Biolek, Richard Jr."]
[Black "Kulon, Klaudia"]
[Result "1-0"]
[WhiteElo "2447"]
[BlackElo "2331"]
[Annotator "NA"]
[PlyCount "63"]
[EventDate "2019.07.19"]
[EventType "swiss"]
[EventCountry "CZE"]
[SourceTitle "playchess.com"]
[Source "ChessBase"]
[SourceQuality "1"]

1. d4 Nf6 2. c4 g6 3. g3 Bg7 4. Bg2 d6 5. Nf3 O-O 6. O-O Nc6 7. Nc3 e5 8. dxe5 dxe5 9. Bg5 Be6 10. Qc1 Qc8 11. Rd1 Nd7 12. b3 f5 13. Bh6 Qe8 14. Nb5 Rc8 15. Bxg7 Kxg7 16. Ng5 e4 17. Qf4 Nce5 18. Nxa7 Ra8 19. Nb5 Rc8 20. f3 Bg8 21. fxe4 Qe7 22. Nf3 Nxf3+ 23. exf3 Ne5 24. exf5 Rxf5 25. Qd4 Kf8 26. f4 Ng4 27. Re1 Qb4 28. Rad1 Bf7 29. Bxb7 Rb8 30. Bf3 h5 31. Bxg4 hxg4 32. Qh8+ 1-0

[Event "Czech Open GM 2019"]
[Site "Pardubice"]
[Date "2019.07.24"]
[Round "6.4"]
[White "Nagy, Gabor"]
[Black "Martinez Alcantara, Jose Eduardo"]
[Result "1/2-1/2"]
[WhiteElo "2474"]
[BlackElo "2601"]
[Annotator "TA"]
[PlyCount "42"]
[EventDate "2019.07.19"]
[EventType "swiss"]
[EventCountry "CZE"]
[SourceTitle "playchess.com"]
[Source "ChessBase"]
[SourceQuality "1"]

1. Nf3 c5 2. c4 Nc6 3. Nc3 g6 4. g3 Bg7 5. Bg2 d6 6. O-O e6 7. e3 Nge7 8. d4 O-O 9. Re1 cxd4 10. exd4 d5 11. cxd5 exd5 12. Ne5 Be6 13. Nxc6 bxc6 14. b3 Nf5 15. Ne2 Qf6 16. Bb2 Rfe8 17. Qd2 h5 18. Rad1 Nd6 19. Nf4 Bf5 20. Qc1 Bg4 21. Rxe8+ Rxe8 1/2-1/2

[Event "Czech Open GM 2019"]
[Site "Pardubice"]
[Date "2019.07.24"]
[Round "6.4"]
[White "Dixit, Nikhil"]
[Black "Braeuer, Franz"]
[Result "1-0"]
[WhiteElo "2318"]
[BlackElo "2445"]
[Annotator "NA"]
[PlyCount "53"]
[EventDate "2019.07.19"]
[EventType "swiss"]
[EventCountry "CZE"]
[SourceTitle "playchess.com"]
[Source "ChessBase"]
[SourceQuality "1"]

1. e4 c5 2. Nf3 d6 3. d4 cxd4 4. Nxd4 Nf6 5. Nc3 a6 6. h3 e5 7. Nde2 h5 8. Bg5 Be6 9. Qd2 Nbd7 10. f4 Nc5 11. f5 Bd7 12. Qe3 Be7 13. Bxf6 Bxf6 14. b4 Bg5 15. Qf3 Na4 16. Nxa4 Bxa4 17. c4 h4 18. Nc3 Bc6 19. Rd1 Bf4 20. Bd3 Bg3+ 21. Kf1 b5 22. cxb5 axb5 23. Bxb5 Bxb5+ 24. Nxb5 O-O 25. Nc3 Ra3 26. Rd3 Qb6 27. Nd5 1-0

[Event "Czech Open GM 2019"]
[Site "Pardubice"]
[Date "2019.07.24"]
[Round "6.5"]
[White "Krejci, Jan"]
[Black "Abdumalik, Zhansaya"]
[Result "1/2-1/2"]
[WhiteElo "2578"]
[BlackElo "2458"]
[Annotator "RC"]
[PlyCount "49"]
[EventDate "2019.07.19"]
[EventType "swiss"]
[EventCountry "CZE"]
[SourceTitle "playchess.com"]
[Source "ChessBase"]
[SourceQuality "1"]

1. d4 Nf6 2. c4 g6 3. Nf3 Bg7 4. g3 O-O 5. Bg2 c5 6. d5 e6 7. Nc3 exd5 8. cxd5 d6 9. O-O Re8 10. Nd2 Nbd7 11. a4 Ne5 12. h3 g5 13. b3 b6 14. Bb2 a6 15. Nc4 Ng6 16. Qd2 h6 17. a5 b5 18. Nb6 Ra7 19. b4 c4 20. e3 Bf5 21. Ne2 Bd3 22. Nd4 Rb7 23. Rfe1 Ne4 24. Bxe4 Rxe4 25. Kg2 1/2-1/2

[Event "Czech Open GM 2019"]
[Site "Pardubice"]
[Date "2019.07.24"]
[Round "6.5"]
[White "Galperin, Platon"]
[Black "Gungl, Theo"]
[Result "1/2-1/2"]
[WhiteElo "2445"]
[BlackElo "2306"]
[Annotator "NA"]
[PlyCount "91"]
[EventDate "2019.07.19"]
[EventType "swiss"]
[EventCountry "CZE"]
[SourceTitle "playchess.com"]
[Source "ChessBase"]
[SourceQuality "1"]

1. Nf3 d5 2. d4 Nf6 3. c4 c6 4. Nc3 e6 5. Bg5 dxc4 6. e4 b5 7. e5 h6 8. Bh4 g5 9. Nxg5 hxg5 10. Bxg5 Be7 11. exf6 Bxf6 12. Bxf6 Qxf6 13. g3 Na6 14. Bg2 Bb7 15. Ne4 Qe7 16. O-O O-O-O 17. h4 c5 18. a4 Rxd4 19. Qe2 b4 20. Rad1 Rhd8 21. Rxd4 Rxd4 22. Rc1 Nc7 23. Nd2 Bxg2 24. Kxg2 Qd7 25. Nxc4 Qd5+ 26. Kg1 b3 27. h5 Qg5 28. Ne3 Rd5 29. Qc4 Rd2 30. h6 Qf6 31. Ng4 Qxb2 32. Qxc5 Rc2 33. Qf8+ Kb7 34. Qb4+ Kc8 35. Re1 Rc1 36. Rxc1 Qxc1+ 37. Kg2 Qc6+ 38. Kh2 Qc2 39. Qf8+ Kb7 40. Qb4+ Kc8 41. Qf8+ Kb7 42. Qg8 b2 43. h7 Qc3 44. h8=Q Qxh8+ 45. Qxh8 b1=Q 46. Qc3 1/2-1/2

[Event "Czech Open GM 2019"]
[Site "Pardubice"]
[Date "2019.07.24"]
[Round "6.6"]
[White "Cernousek, Lukas"]
[Black "Basso, Pier Luigi"]
[Result "0-1"]
[WhiteElo "2451"]
[BlackElo "2559"]
[Annotator "ChessBase"]
[PlyCount "92"]
[EventDate "2019.07.19"]
[EventType "swiss"]
[EventCountry "CZE"]
[SourceTitle "playchess.com"]
[Source "ChessBase"]
[SourceQuality "1"]

1. d4 g6 2. c4 Bg7 3. Nc3 e6 4. e4 Ne7 5. Nf3 d5 6. Bg5 f6 7. Bf4 g5 8. Be3 dxe4 9. Nxe4 g4 10. Ng1 f5 11. Nc3 O-O 12. Nge2 Ng6 13. Qd2 e5 14. dxe5 Qxd2+ 15. Bxd2 Nc6 16. O-O-O Bxe5 17. Bh6 Rf7 18. Nd5 f4 19. g3 f3 20. Nec3 Bf5 21. Bd3 Bxd3 22. Rxd3 Bd4 23. Rhd1 Bxf2 24. Ne4 Bd4 25. Rxd4 Nxd4 26. Ndf6+ Rxf6 27. Nxf6+ Kf7 28. Nxg4 c5 29. Re1 a6 30. Re3 b5 31. h4 bxc4 32. Kd2 Ne7 33. Ne5+ Kg8 34. Re4 Rd8 35. Ke1 Ng6 36. Nxg6 hxg6 37. Kf2 Rb8 38. Bc1 a5 39. Re5 Ne2 40. Bd2 Rxb2 41. Bxa5 Nd4+ 42. Kf1 Nf5 43. Be1 c3 44. g4 c2 45. Bd2 Ng3+ 46. Ke1 c1=Q+ 0-1

[Event "Czech Open GM 2019"]
[Site "Pardubice"]
[Date "2019.07.24"]
[Round "6.6"]
[White "Koustav Chatterjee"]
[Black "Punin, Andrii"]
[Result "1/2-1/2"]
[WhiteElo "2430"]
[BlackElo "2305"]
[Annotator "NA"]
[PlyCount "100"]
[EventDate "2019.07.19"]
[EventType "swiss"]
[EventCountry "CZE"]
[SourceTitle "playchess.com"]
[Source "ChessBase"]
[SourceQuality "1"]

1. c4 e6 2. Nf3 d5 3. e3 Nf6 4. Nc3 Be7 5. b3 c5 6. Bb2 Nc6 7. cxd5 exd5 8. d4 O-O 9. Be2 Ne4 10. O-O Bf6 11. Na4 Bg4 12. h3 Bxf3 13. gxf3 cxd4 14. fxe4 dxe4 15. exd4 Nxd4 16. Kh1 Be5 17. Rg1 Qh4 18. Bf1 Qxf2 19. Rg2 Qe3 20. Qh5 f5 21. Nc5 Qf3 22. Qh4 Bf6 23. Qg3 Qxg3 24. Rxg3 Ne2 25. Bxe2 Bxb2 26. Rf1 g6 27. Rg2 Kh8 28. Bc4 Be5 29. h4 Rfd8 30. h5 Rd6 31. hxg6 hxg6 32. Ne6 b5 33. Rxg6 bxc4 34. Rh6+ Kg8 35. Rxf5 Bc3 36. Kg2 Re8 37. Rg6+ Kh7 38. Rg3 Rexe6 39. Rh5+ Rh6 40. Rxh6+ Kxh6 41. Rxc3 Rd2+ 42. Kf1 cxb3 43. Rxb3 Kg5 44. Ra3 Rd7 45. Ke2 Kf4 46. Ra6 Rh7 47. Rf6+ Ke5 48. Ra6 Kf5 49. Ke3 Rh3+ 50. Ke2 Ke5 1/2-1/2

[Event "Czech Open GM 2019"]
[Site "Pardubice"]
[Date "2019.07.24"]
[Round "6.7"]
[White "Babula, Vlastimil"]
[Black "Vykouk, Jan"]
[Result "1/2-1/2"]
[WhiteElo "2550"]
[BlackElo "2453"]
[Annotator "TA"]
[PlyCount "36"]
[EventDate "2019.07.19"]
[EventType "swiss"]
[EventCountry "CZE"]
[SourceTitle "playchess.com"]
[Source "ChessBase"]
[SourceQuality "1"]

1. d4 Nf6 2. c4 g6 3. Nc3 Bg7 4. e4 d6 5. Be2 O-O 6. Bg5 c6 7. Qd2 a6 8. Rd1 b5 9. a3 bxc4 10. Bxc4 Nxe4 11. Nxe4 d5 12. Bd3 dxe4 13. Bxe4 Be6 14. Nf3 Bd5 15. Bxd5 Qxd5 16. O-O e6 17. Bh6 Nd7 18. Bxg7 Kxg7 1/2-1/2

[Event "Czech Open GM 2019"]
[Site "Pardubice"]
[Date "2019.07.24"]
[Round "6.7"]
[White "Jeet, Jain"]
[Black "Cukrowski, Filip"]
[Result "1/2-1/2"]
[WhiteElo "2258"]
[BlackElo "2421"]
[Annotator "NA"]
[PlyCount "40"]
[EventDate "2019.07.19"]
[EventType "swiss"]
[EventCountry "CZE"]
[SourceTitle "playchess.com"]
[Source "ChessBase"]
[SourceQuality "1"]

1. e4 c5 2. Nf3 d6 3. Bb5+ Bd7 4. Bxd7+ Qxd7 5. c4 Nf6 6. Nc3 g6 7. d4 cxd4 8. Nxd4 Bg7 9. h3 O-O 10. O-O Rc8 11. b3 b5 12. Ndxb5 Nxe4 13. Qf3 Nxc3 14. Nxc3 Nc6 15. Bb2 Nd4 16. Qd3 Qf5 17. Rad1 Qxd3 18. Rxd3 Ne2+ 19. Nxe2 Bxb2 20. Nc3 Bxc3 1/2-1/2

[Event "Czech Open GM 2019"]
[Site "Pardubice"]
[Date "2019.07.24"]
[Round "6.8"]
[White "Erenberg, Ariel"]
[Black "Plat, Vojtech"]
[Result "1/2-1/2"]
[WhiteElo "2442"]
[BlackElo "2548"]
[Annotator "ChessBase"]
[PlyCount "68"]
[EventDate "2019.07.19"]
[EventType "swiss"]
[EventCountry "CZE"]
[SourceTitle "playchess.com"]
[Source "ChessBase"]
[SourceQuality "1"]

1. d4 Nf6 2. c4 e6 3. Nf3 c5 4. d5 b5 5. dxe6 fxe6 6. cxb5 d5 7. Nc3 Be7 8. e4 d4 9. e5 dxc3 10. exf6 Bxf6 11. Qxd8+ Kxd8 12. Bg5 cxb2 13. Rb1 Bb7 14. Be2 Nd7 15. Rxb2 Ke7 16. O-O Rac8 17. a4 c4 18. Bxf6+ gxf6 19. Rc1 Rhg8 20. Kf1 Nb6 21. a5 c3 22. Rb4 Nd5 23. Rh4 Rg7 24. Rc4 Rxc4 25. Bxc4 Kd6 26. Bxd5 Bxd5 27. Rxc3 Rb7 28. Nd4 e5 29. a6 Rb6 30. Nf5+ Kd7 31. Ne3 Be6 32. Rd3+ Ke8 33. Rc3 Kd7 34. Rd3+ Ke8 1/2-1/2

[Event "Czech Open GM 2019"]
[Site "Pardubice"]
[Date "2019.07.24"]
[Round "6.8"]
[White "Moksh Amit Doshi"]
[Black "Plischki, Sebastian"]
[Result "1/2-1/2"]
[WhiteElo "2229"]
[BlackElo "2420"]
[Annotator "NA"]
[PlyCount "129"]
[EventDate "2019.07.19"]
[EventType "swiss"]
[EventCountry "CZE"]
[SourceTitle "playchess.com"]
[Source "ChessBase"]
[SourceQuality "1"]

1. c4 c5 2. g3 g6 3. Bg2 Bg7 4. Nc3 Nc6 5. Nf3 b6 6. O-O Bb7 7. e3 Nf6 8. d4 Na5 9. Qd3 cxd4 10. Nxd4 Bxg2 11. Kxg2 O-O 12. e4 Rc8 13. b3 Nc6 14. Nde2 d6 15. h3 Ne5 16. Qd2 Qc7 17. Bb2 Qb7 18. f3 a6 19. a4 Rfd8 20. Rad1 e6 21. g4 h6 22. Qe3 Qc7 23. Ba3 Bf8 24. Ng3 Ned7 25. f4 Nc5 26. f5 exf5 27. exf5 Qb7+ 28. Nd5 Nxd5 29. Rxd5 Re8 30. Qf3 Re5 31. fxg6 fxg6 32. Bxc5 bxc5 33. Rxe5 Qxf3+ 34. Rxf3 dxe5 35. Rf6 Rb8 36. Rxg6+ Kf7 37. Rxa6 Rxb3 38. a5 Rb4 39. Ra7+ Ke6 40. Ra8 Kf7 41. a6 Rxc4 42. a7 Ra4 43. Ne4 Ra2+ 44. Kf3 Ra3+ 45. Ke2 c4 46. Nc3 Bc5 47. Nb5 Ra2+ 48. Kd1 c3 49. Rc8 Bxa7 50. Rc7+ Kg6 51. Nxa7 Kg5 52. Nb5 Rh2 53. Rxc3 Kh4 54. Nd6 Rxh3 55. Rc4 Rd3+ 56. Ke2 Rxd6 57. Ke3 Kg3 58. Re4 Rg6 59. Rxe5 Rxg4 60. Rh5 Rg6 61. Ke2 Kg4 62. Ra5 h5 63. Kf2 Rb6 64. Kg1 Rb1+ 65. Kg2 1/2-1/2

[Event "Czech Open GM 2019"]
[Site "Pardubice"]
[Date "2019.07.24"]
[Round "6.9"]
[White "Lintchevski, Daniil"]
[Black "Bryzgalin, Kirill"]
[Result "1/2-1/2"]
[WhiteElo "2534"]
[BlackElo "2437"]
[Annotator "ChessBase"]
[PlyCount "102"]
[EventDate "2019.07.19"]
[EventType "swiss"]
[EventCountry "CZE"]
[SourceTitle "playchess.com"]
[Source "ChessBase"]
[SourceQuality "1"]

1. c4 e5 2. g3 Nf6 3. Bg2 Nc6 4. Nc3 Bb4 5. Nd5 Bc5 6. e3 O-O 7. Ne2 Re8 8. O-O d6 9. d4 Bb6 10. Nec3 Nxd5 11. cxd5 Ne7 12. dxe5 dxe5 13. b3 Nf5 14. Na4 Nd6 15. Bb2 e4 16. Rc1 Bf5 17. Qd2 f6 18. Rc2 Re7 19. Rfc1 h6 20. Nc5 Qe8 21. a4 a5 22. Ba3 Kh8 23. Ne6 Bxe6 24. Bxd6 cxd6 25. dxe6 f5 26. Qxd6 Rxe6 27. Qd5 Qf7 28. Rc8+ Rxc8 29. Rxc8+ Kh7 30. Bf1 Re7 31. Qb5 Qf6 32. Bc4 h5 33. Qd5 g6 34. h4 Kh6 35. Kg2 Bc7 36. Rg8 b6 37. Qa8 Be5 38. Qd8 Rc7 39. Qd5 Re7 40. Qa8 Rc7 41. Rf8 Qg7 42. Re8 Re7 43. Rg8 Qf6 44. Qd8 Rc7 45. Qd5 Re7 46. Ra8 Qd6 47. Qb5 Qb4 48. Qd5 Qd6 49. Rh8+ Rh7 50. Rd8 Qxd5 51. Rxd5 Re7 1/2-1/2

[Event "Czech Open GM 2019"]
[Site "Pardubice"]
[Date "2019.07.24"]
[Round "6.9"]
[White "Gagare, Shalmali"]
[Black "Hollan, Martin"]
[Result "1/2-1/2"]
[WhiteElo "2058"]
[BlackElo "2416"]
[Annotator "TA"]
[PlyCount "43"]
[EventDate "2019.07.19"]
[EventType "swiss"]
[EventCountry "CZE"]
[SourceTitle "playchess.com"]
[Source "ChessBase"]
[SourceQuality "1"]

1. e4 c5 2. Nf3 Nc6 3. Bb5 g6 4. Bxc6 dxc6 5. d3 Bg7 6. h3 Nh6 7. O-O b6 8. a4 a5 9. Be3 f6 10. Nh2 e5 11. Qd2 Nf7 12. Nc3 Be6 13. Rae1 g5 14. Ne2 Qd7 15. c3 Rd8 16. Nc1 Nd6 17. Qc2 Qe7 18. b3 f5 19. exf5 Nxf5 20. Nf3 h6 21. Bd2 Qc7 22. d4 1/2-1/2

[Event "Czech Open GM 2019"]
[Site "Pardubice"]
[Date "2019.07.24"]
[Round "6.10"]
[White "Kacharava, Nikolozi"]
[Black "Noe, Christopher"]
[Result "1-0"]
[WhiteElo "2431"]
[BlackElo "2534"]
[Annotator "ChessBase"]
[PlyCount "120"]
[EventDate "2019.07.19"]
[EventType "swiss"]
[EventCountry "CZE"]
[SourceTitle "playchess.com"]
[Source "ChessBase"]
[SourceQuality "1"]

1. e4 d5 2. exd5 Qxd5 3. Nc3 Qd6 4. d4 Nf6 5. Nf3 c6 6. Ne5 Nbd7 7. Nc4 Qc7 8. Qf3 Nb6 9. Bf4 Qd7 10. Nxb6 axb6 11. O-O-O Qg4 12. Qe3 Qe6 13. d5 Nxd5 14. Nxd5 cxd5 15. Qb3 Bd7 16. Rxd5 Bc6 17. Bc4 Qg4 18. Rd8+ Kxd8 19. Rd1+ Kc8 20. Rd4 e5 21. Bxe5 Qf5 22. Qxb6 Bd6 23. Bxd6 Qa5 24. Qb3 Re8 25. Bxf7 Re1+ 26. Rd1 Qg5+ 27. f4 Rxd1+ 28. Kxd1 Qg4+ 29. Kc1 Qe2 30. Qe6+ Qxe6 31. Bxe6+ Kd8 32. g3 Be4 33. Be5 Ra6 34. Bg8 Rh6 35. h4 Rc6 36. c3 h5 37. Bf7 Bf3 38. Bxg7 Ke7 39. Bb3 Rg6 40. Be5 Be4 41. f5 Bxf5 42. Kd2 Ra6 43. c4 Re6 44. Bf4 Re4 45. Bc2 Rd4+ 46. Kc3 Rxc4+ 47. Kxc4 Bxc2 48. Kc5 Kd7 49. Kb6 Kc8 50. b4 Bd1 51. b5 Bc2 52. g4 hxg4 53. h5 Be4 54. h6 Kd7 55. a4 Ke6 56. h7 Bxh7 57. Kxb7 Kd5 58. b6 Kc5 59. Ka7 Be4 60. a5 Kd5 1-0

[Event "Czech Open GM 2019"]
[Site "Pardubice"]
[Date "2019.07.24"]
[Round "6.10"]
[White "Hrabusa, Matej"]
[Black "Keller, Peter"]
[Result "1/2-1/2"]
[WhiteElo "2397"]
[BlackElo "2279"]
[Annotator "TA"]
[PlyCount "44"]
[EventDate "2019.07.19"]
[EventType "swiss"]
[EventCountry "CZE"]
[SourceTitle "playchess.com"]
[Source "ChessBase"]
[SourceQuality "1"]

1. e4 e5 2. Nf3 Nc6 3. Bc4 Bc5 4. O-O Nf6 5. d3 O-O 6. a4 a6 7. Bg5 h6 8. Bh4 g5 9. Bg3 d6 10. c3 Bg4 11. Nbd2 Nh5 12. a5 Qf6 13. Kh1 Nf4 14. Qb3 Rab8 15. Ng1 Nh5 16. Ngf3 Nf4 17. Ng1 Nh5 18. Ngf3 Ba7 19. h3 Bd7 20. Qd1 Nf4 21. Nh2 Kg7 22. Ndf3 h5 1/2-1/2

[Event "Czech Open GM 2019"]
[Site "Pardubice"]
[Date "2019.07.24"]
[Round "6.11"]
[White "Vorobiov, Evgeny E."]
[Black "Maetzkow, Maximilian Paul"]
[Result "1-0"]
[WhiteElo "2578"]
[BlackElo "2274"]
[Annotator "TA"]
[PlyCount "91"]
[EventDate "2019.07.19"]
[EventType "swiss"]
[EventCountry "CZE"]
[SourceTitle "playchess.com"]
[Source "ChessBase"]
[SourceQuality "1"]

1. d4 Nf6 2. c4 e6 3. Nc3 Bb4 4. Bd2 O-O 5. e3 b6 6. Nf3 Bb7 7. Bd3 c5 8. a3 Ba5 9. O-O d6 10. Rb1 Bxc3 11. Bxc3 Ne4 12. Be1 Nd7 13. Nd2 Nxd2 14. Bxd2 cxd4 15. exd4 d5 16. cxd5 Bxd5 17. Rc1 Rc8 18. Qa4 a5 19. Bf4 Nf6 20. Qb5 Bb7 21. Rxc8 Bxc8 22. Bg5 Bd7 23. Qe5 h6 24. Bh4 Bc6 25. Rc1 Qd5 26. f3 Rd8 27. Be2 Bb7 28. Rc7 Qxe5 29. dxe5 Rd7 30. Rxb7 Rxb7 31. exf6 gxf6 32. Bxf6 Rd7 33. Bc3 Kh7 34. Kf2 Kg6 35. Ke3 f6 36. Bd3+ Kf7 37. g4 Rd8 38. h4 e5 39. h5 Ke6 40. Be4 Kd6 41. Ke2 Kc5 42. Bd2 Rh8 43. Bd3 Kd6 44. Be3 Kc6 45. a4 Kb7 46. b3 1-0

[Event "Czech Open GM 2019"]
[Site "Pardubice"]
[Date "2019.07.24"]
[Round "6.11"]
[White "Deepan Chakkravarthy J."]
[Black "Horvath, Dominik"]
[Result "1-0"]
[WhiteElo "2532"]
[BlackElo "2424"]
[Annotator "TA"]
[PlyCount "67"]
[EventDate "2019.07.19"]
[EventType "swiss"]
[EventCountry "CZE"]
[SourceTitle "playchess.com"]
[Source "ChessBase"]
[SourceQuality "1"]

1. Nf3 d5 2. g3 Nc6 3. d4 Bg4 4. Bg2 Qd7 5. h3 Bxf3 6. exf3 e6 7. O-O Bd6 8. c4 dxc4 9. d5 Nb4 10. dxe6 fxe6 11. f4 O-O-O 12. Nd2 e5 13. Nxc4 exf4 14. Nxd6+ Qxd6 15. Qa4 fxg3 16. Be3 Nd5 17. Bxd5 gxf2+ 18. Bxf2 Qxd5 19. Rad1 Qg5+ 20. Kh1 Nh6 21. Qxa7 c5 22. Rg1 Rxd1 23. Rxd1 Qf6 24. Qxc5+ Qc6+ 25. Qxc6+ bxc6 26. a4 Re8 27. a5 Re2 28. Kg1 Rxb2 29. a6 Ra2 30. a7 c5 31. Bxc5 Kc7 32. Rb1 Nf7 33. Rb8 Kc6 34. Bf2 1-0

[Event "Czech Open GM 2019"]
[Site "Pardubice"]
[Date "2019.07.24"]
[Round "6.12"]
[White "Belyakov, Bogdan"]
[Black "Van Osch, Mees"]
[Result "1/2-1/2"]
[WhiteElo "2500"]
[BlackElo "2316"]
[Annotator "ChessBase"]
[PlyCount "42"]
[EventDate "2019.07.19"]
[EventType "swiss"]
[EventCountry "CZE"]
[SourceTitle "playchess.com"]
[Source "ChessBase"]
[SourceQuality "1"]

1. e4 e6 2. d4 d5 3. Nc3 Nf6 4. Bg5 Be7 5. e5 Nfd7 6. h4 h6 7. Bxe7 Qxe7 8. Qg4 O-O 9. Nf3 c5 10. Bb5 cxd4 11. Qxd4 Nc6 12. Bxc6 bxc6 13. O-O c5 14. Qg4 f5 15. exf6 Nxf6 16. Qg3 d4 17. Ne2 Ne4 18. Qg4 Nf6 19. Qg3 Ne4 20. Qg4 Nf6 21. Qg3 Ne4 1/2-1/2

[Event "Czech Open GM 2019"]
[Site "Pardubice"]
[Date "2019.07.24"]
[Round "6.12"]
[White "Nguyen, Piotr"]
[Black "Zanan, Evgeny"]
[Result "1/2-1/2"]
[WhiteElo "2420"]
[BlackElo "2505"]
[Annotator "ChessBase"]
[PlyCount "38"]
[EventDate "2019.07.19"]
[EventType "swiss"]
[EventCountry "CZE"]
[SourceTitle "playchess.com"]
[Source "ChessBase"]
[SourceQuality "1"]

1. Nf3 Nf6 2. c4 c5 3. b3 b6 4. g3 Bb7 5. Bg2 g6 6. Bb2 Bg7 7. O-O O-O 8. d4 cxd4 9. Qxd4 d6 10. Nc3 Nbd7 11. Rad1 Rc8 12. Qd2 Qc7 13. Rfe1 Ne4 14. Nxe4 Bxe4 15. Bxg7 Kxg7 16. Nd4 Bxg2 17. Kxg2 Nf6 18. e4 Qb7 19. f3 Rc5 1/2-1/2

[Event "Czech Open GM 2019"]
[Site "Pardubice"]
[Date "2019.07.24"]
[Round "6.13"]
[White "Dobrowolski, Piotr"]
[Black "Matviishen, Viktor"]
[Result "1-0"]
[WhiteElo "2418"]
[BlackElo "2495"]
[Annotator "ChessBase"]
[PlyCount "115"]
[EventDate "2019.07.19"]
[EventType "swiss"]
[EventCountry "CZE"]
[SourceTitle "playchess.com"]
[Source "ChessBase"]
[SourceQuality "1"]

1. e4 c5 2. Nf3 d6 3. d4 cxd4 4. Nxd4 Nf6 5. Nc3 a6 6. Bg5 e6 7. f4 Nbd7 8. Qe2 Qc7 9. O-O-O Be7 10. g4 Nc5 11. Bh4 O-O 12. Bg2 Re8 13. g5 Nfd7 14. b4 Nb3+ 15. cxb3 Qxc3+ 16. Kb1 Qxb4 17. f5 exf5 18. exf5 Ne5 19. Bd5 Bd7 20. g6 Bxh4 21. gxf7+ Nxf7 22. Bxf7+ Kh8 23. Bxe8 Rxe8 24. Qc4 Qxc4 25. bxc4 Re4 26. Rhf1 Bf6 27. Nb3 Rxc4 28. Rxd6 Bc6 29. Nd2 Rb4+ 30. Kc1 Ba4 31. Nb3 Bxb3 32. axb3 Rxb3 33. Kc2 Rb2+ 34. Kd3 h5 35. Rc1 h4 36. Rc2 Rb3+ 37. Kc4 Rb1 38. Kd5 Kh7 39. Ke6 Re1+ 40. Kf7 Re7+ 41. Kf8 Re5 42. Rb6 Rxf5 43. Rxb7 a5 44. Ra2 Kg6 45. Rb6 Kh5 46. Ra6 Bc3+ 47. Kg8 g5 48. Rc2 Rf3 49. Kh7 h3 50. Rh6+ Kg4 51. Rc6 Bd4 52. Kg6 Rb3 53. R2c4 Rb4 54. Rxb4 axb4 55. Rc4 Kf3 56. Rxd4 g4 57. Kg5 g3 58. Rd3+ 1-0

[Event "Czech Open GM 2019"]
[Site "Pardubice"]
[Date "2019.07.24"]
[Round "6.13"]
[White "Berdnyk, Mariia"]
[Black "Pulpan, Jakub"]
[Result "1-0"]
[WhiteElo "2247"]
[BlackElo "2414"]
[Annotator "NA"]
[PlyCount "53"]
[EventDate "2019.07.19"]
[EventType "swiss"]
[EventCountry "CZE"]
[SourceTitle "playchess.com"]
[Source "ChessBase"]
[SourceQuality "1"]

1. d4 d5 2. c4 e6 3. Nf3 a6 4. cxd5 exd5 5. Nc3 c6 6. Bf4 Bd6 7. Bg3 Bf5 8. e3 h6 9. Bd3 Ne7 10. Ne5 O-O 11. O-O f6 12. Nf3 Bg4 13. Qc2 Bxf3 14. gxf3 f5 15. Ne2 a5 16. Nf4 Qd7 17. Kh1 Na6 18. a3 Nc7 19. Nh5 Ne6 20. Rg1 g6 21. Bh4 g5 22. f4 Qe8 23. Qe2 Ng6 24. Bg3 gxf4 25. Bh4 Kf7 26. Nf6 f3 27. Nxe8 1-0